Pterygium : (Record no. 146930)
[ view plain ]
| 000 -LEADER | |
|---|---|
| fixed length control field | 02473nam a2200385 i 4500 |
| 001 - CONTROL NUMBER | |
| control field | ebr10806019 |
| 003 - CONTROL NUMBER IDENTIFIER | |
| control field | CaPaEBR |
| 006 - FIXED-LENGTH DATA ELEMENTS--ADDITIONAL MATERIAL CHARACTERISTICS--GENERAL INFORMATION | |
| fixed length control field | m o d |
| 007 - PHYSICAL DESCRIPTION FIXED FIELD--GENERAL INFORMATION | |
| fixed length control field | cr cn||||||||| |
| 008 - FIXED-LENGTH DATA ELEMENTS--GENERAL INFORMATION | |
| fixed length control field | 110324t20122012njua ob 000 0 eng|d |
| 020 ## - INTERNATIONAL STANDARD BOOK NUMBER | |
| Cancelled/invalid ISBN | 9781556429781 (pbk.) |
| Cancelled/invalid ISBN | 1556429789 (pbk.) |
| International Standard Book Number | 9781617116926 (e-book) |
| 040 ## - CATALOGING SOURCE | |
| Original cataloging agency | CaPaEBR |
| Language of cataloging | eng |
| Description conventions | rda |
| -- | pn |
| Transcribing agency | CaPaEBR |
| 035 ## - SYSTEM CONTROL NUMBER | |
| System control number | (OCoLC)874967837 |
| 050 14 - LIBRARY OF CONGRESS CALL NUMBER | |
| Classification number | RE326.P7 |
| Item number | P74 2012eb |
| 082 04 - DEWEY DECIMAL CLASSIFICATION NUMBER | |
| Classification number | 617.7/1 |
| Edition number | 23 |
| 245 00 - TITLE STATEMENT | |
| Title | Pterygium : |
| Remainder of title | techniques and technologies for surgical success / |
| Statement of responsibility, etc | edited by John A. Hovanesian. |
| 264 #1 - PRODUCTION, PUBLICATION, DISTRIBUTION, MANUFACTURE, AND COPYRIGHT NOTICE | |
| Place of production, publication, distribution, manufacture | Thorofare, NJ : |
| Name of producer, publisher, distributor, manufacturer | SLACK Incorporated, |
| Date of production, publication, distribution, manufacture, or copyright notice | [2012] |
| Date of production, publication, distribution, manufacture, or copyright notice | �2012 |
| 300 ## - PHYSICAL DESCRIPTION | |
| Extent | 1 online resource (165 pages) : |
| Other physical details | illustrations (some color) |
| 336 ## - CONTENT TYPE | |
| Content type term | text |
| Source | rdacontent |
| 337 ## - MEDIA TYPE | |
| Media type term | computer |
| Source | rdamedia |
| 338 ## - CARRIER TYPE | |
| Carrier type term | online resource |
| Source | rdacarrier |
| 504 ## - BIBLIOGRAPHY, ETC. NOTE | |
| Bibliography, etc | Includes bibliographical references. |
| 520 ## - SUMMARY, ETC. | |
| Summary, etc | "Pterygium: Techniques and Technologies for Surgical Success presents the latest advances in ocular surface surgery and new methods to overcome the traditional complications of pterygium surgery. Dr. John Hovanesian and his contributors address the shortcomings of conventional pterygium surgery through a detailed compilation of intraoperative and postoperative patient management. Delivering the latest breakthrough advances in the field, such as fibrin tissue adhesive and amniotic membrane transplantation, this resource presents the newest range of treatment therapies step-by-step. Pterygium: Techniques and Technologies for Surgical Success is an indispensible resource for ophthalmic surgeons, residents, fellows, and assisting staff who must keep up with the latest ocular procedures regarding pterygium surgery"--Provided by publisher. |
| 588 ## - SOURCE OF DESCRIPTION NOTE | |
| Source of description note | Description based on print version record. |
| 590 ## - LOCAL NOTE (RLIN) | |
| Local note | Electronic reproduction. Palo Alto, Calif. : ebrary, 2013. Available via World Wide Web. Access may be limited to ebrary affiliated libraries. |
| 650 #0 - SUBJECT ADDED ENTRY--TOPICAL TERM | |
| Topical term or geographic name as entry element | Pterygium |
| General subdivision | Surgery. |
| 655 #0 - INDEX TERM--GENRE/FORM | |
| Genre/form data or focus term | Electronic books. |
| 700 1# - ADDED ENTRY--PERSONAL NAME | |
| Personal name | Hovanesian, John A., |
| Dates associated with a name | 1967- |
| 776 08 - ADDITIONAL PHYSICAL FORM ENTRY | |
| Display text | Print version: |
| Title | Pterygium : techniques and technologies for surgical success. |
| Place, publisher, and date of publication | Thorofare, NJ : SLACK Incorporated, [2012] |
| Physical description | xiv, 144 pages ; 26 cm |
| International Standard Book Number | 9781556429781 |
| Record control number | (OCoLC)ocn654313423 |
| -- | (DLC)10806019 |
| 797 2# - LOCAL ADDED ENTRY--CORPORATE NAME (RLIN) | |
| Corporate name or jurisdiction name as entry element | ebrary. |
| 856 40 - ELECTRONIC LOCATION AND ACCESS | |
| Uniform Resource Identifier | <a href="http://site.ebrary.com/lib/rucke/Doc?id=10806019">http://site.ebrary.com/lib/rucke/Doc?id=10806019</a> |
| Public note | An electronic book accessible through the World Wide Web; click to view |
No items available.
